000 00565nam a2200193 a 4500
001 1769935627229
003 YourLibrary
005 20260201143128.0
008 260201s2000##################000#0#eng##
020 _a9780792377559
082 0 4 _a332.494
_bMUN
100 1 _aMundell, Robert A.,
_eauthor.
245 1 0 _aThe Euro as a Stabilizer in the International Economic System :
260 _bSpringer Science & Business Media,
_c2000.
300 _a486 pages
650 0 _aBusiness & Economics.
942 _cENGLISH
040 _aYourLibrary
_beng
_cYourLibrary
999 _c609654
_d609654